000 01226pam a2200301 a 4500
001 2521690
003 OSt
005 20240619110547.0
008 930414s1994 enka b 001 0 eng
010 _a 93001691
020 _a0521433495 (hardback)
020 _a0521439663 (pbk.)
040 _aDLC
_cMUST
_dDLC
082 0 0 _a533.7
_bGOM 1994
100 1 _aGombosi, Tamás I.
_917506
245 1 0 _aGaskinetic theory /
_cTamas I. Gombosi.
260 _aCambridge [England] ;
_aNew York :
_bCambridge University Press,
_c1994.
300 _axiv, 297 p. :
_bill. ;
_c25 cm.
440 0 _aCambridge atmospheric and space science series
_98022
504 _aIncludes bibliographical references and index.
650 0 _aKinetic theory of gases.
_98151
856 4 1 _3Sample text
_uhttp://www.loc.gov/catdir/samples/cam034/93001691.html
856 4 2 _3Publisher description
_uhttp://www.loc.gov/catdir/description/cam025/93001691.html
856 4 1 _3Table of contents
_uhttp://www.loc.gov/catdir/toc/cam022/93001691.html
906 _a7
_bcbc
_corignew
_d1
_eocip
_f19
_gy-gencatlg
942 _2ddc
_cO_SHELF
999 _c8649
_d8649